000 00428pab a2200169 454500
008 180718b1996 xxu||||| |||| 00| 0 eng d
100 _aPanagariya, Arvind
245 _aCurbing child labour: rugmark label on the mat
260 _c1996
300 _ap.10
362 _a14 Nov
650 _aChild labour - India
650 _aChild welfare - India
650 _aChild workers
773 _aTimes of India
909 _a33698
999 _c33698
_d33698